| 000 | 01045nam a22002537a 4500 | ||
|---|---|---|---|
| 001 | BD-DhSAU 8788 | ||
| 003 | BD-DhSAU | ||
| 005 | 20181212103956.0 | ||
| 008 | 150613b2011 bg a||||r|||| 000 0 eng d | ||
| 040 | _aBD-DhSAU | ||
| 082 |
_222 _a630.2 _bR877 |
||
| 100 |
_aRupa, Womma Salma _eRegistration No. # 05-1659 |
||
| 245 |
_aInfluences of organic manures and inorganic fertilizers on growth, yield and nutrient content of mungbean (BARI mung 5) / _bMS thesis _cby Womma Salma Rupa |
||
| 260 |
_aSher-e- Bangla Agricultural University : _bDepartment of Chemistry, _c2011. |
||
| 300 |
_aix, 76 p. : _bill. ; _c30 cm. |
||
| 500 | _aMS thesis of Department of Chemistry, Faculty of Agriculture, Sher-e-Bangla Agricultural University, Dhaka, Bangladesh | ||
| 590 | _ajoy | ||
| 650 | _aChemistry. | ||
| 650 | _aInorganic fertilizer | ||
| 700 |
_aMiah, Md. Shahjahan _eSupervisor |
||
| 700 |
_aBegum, Rokeya _eCo-Supervisor |
||
| 856 | _uhttp://archive.saulibrary.edu.bd:8080/xmlui/handle/123456789/1940 | ||
| 942 |
_2ddc _cTHESIS |
||
| 999 |
_c8788 _d8788 |
||